000 00310nam a22001337a 4500
008 170815b xxu||||| |||| 00| 0 eng d
020 _a9780133209129
041 _aeng
080 _23 E D
_a51
100 _a36
101 _aMAT
245 _aDISCRETE MATHEMATICAL STRUCTURE
_cKOLSMAN.B
942 _2udc
_cBK
999 _c23543
_d23543